Sous-philosophes - Statistiques

Statistiques générales
  • Ce quiz a été pris 83 fois
  • Le résultat moyen est 4 sur 10
Statistiques - réponses
Le type Votre réponse % Correct
Anarchiste il paraît Michel Onfray
79%
Fougueux, cheveux au vent, demi-savant Bernard-Henri Lévy/BHL
78%
Très énervé le bougre (TAISEZ-VOUS + le canal) Alain Finkielkraut
77%
Il n'aime vraiment pas l'écriture inclusive Raphaël Enthoven
68%
Mais la mort fait partie de la vie ma bonne dame André Comte-Sponville
43%
Cheveux au vent lui aussi, le bonheur tout ça Luc Ferry
17%
Répond "PHILOSOPHIQUEMENT" à vos petites questions du quotidien dans des magazines médiocres en mêlant astucieusement des citations de pré-socratiques et de modernes dans une soupe tellement digeste qu'elle en devient fade Charles Pépin
12%
Résoudra tout vos problèmes existentiels avec un gloubiboulga de spiritualité orientale Frédéric Lenoir
10%
Un jeune prodige assurément, très charmant jeune homme, manifestement médiocre Nathan Devers
4%
Petite leçons de vie, s'inspirer de la mer pour avoir une vie meilleures 😍, un petit peu de philosophie pour guérir les petits maux du quotidien 😉 Laurence Devillairs
0%
Aucun quiz correspondant
Distribution des résultats
% des personnes avec chaque résultat
Percentile par nombre de réponses
Votre historique - résultats
Vous n’avez pas pris ce quiz